00597nam a2200181 a 450000100100000000500170001000800410002702000180006804000250008608200170011110000300012824500940015826000370025230000350028965000240032465000260034870000410037400000230720200929150201.0090701s2008 dr ac 000 0 spa d a9789945421491 aDO-SdBNPbspacBNPHU a861.7bR896p1 aRubio Cruz, Carlos Daniel13aLa penúltima ventana /cCarlos Daniel Rubio Cruz ; prólogo Freddy Ginebra Giudicelli. aSanto Domingo :b[s. n.],c2008. a54 p. :bil. ; retr. ;c22 cm. 4aPoesía española 4aLiteratura española1 aGinebra Giudicelli, Freddy,epról.